000 00843nam a2200289Ia 4500
003 OSt
005 20221007123214.0
006 a|||||r|||| 00| 0
007 ta
008 221006b |||||||| |||| 00| 0 eng d
020 _a0750302186
024 _a2509
037 _cTextual
040 _aPAPL
_cPAPL
_beng
041 _2eng
_aeng
082 _aC51, N3
100 _aWalther H Ed
_9716816
245 0 _aFrontiers in nonlinear optics ed by H Walther and others
_b Koroteev N Ed Scully M O Ed
260 _aBristol
_bInstitute of Physics publishing
_c1993
300 _a294p
_ccm.
650 _a Optics
650 _aPhysics
700 _a Koroteev N Ed
_9716817
700 _a Scully M O Ed
_9716818
942 _hC51, N3
_cTEXL
_2CC
999 _c1211521
_d1211521